000 01051nam a2200265 a 4500
001 001193057
003 AM-YEHGA
005 20260406135514.0
008 161128m1927 ru af|||r|||||000|0|rus|d
040 _aAM-YEHGA
041 0 _arus
100 1 _aЧистович, Николай Яковлевич
245 1 0 _aКурс частной патологии и терапии внутренних болезней /
_cН.Я. Чистович, проф. Воен.-мед. акад. и Ленингр. мед. ин-та.
250 _a5-е изд.
260 _aМ. ;
_aЛ. :
_bГос. изд.,
_c1927-.
300 _aтом ;
_c26 см.
490 1 _aПособия для высшей школы
505 1 0 _gТ. 1, ч. 1 (1927, 256, 2 с., табл.) :
650 1 4 _aМедицина
650 1 4 _aПатология и частная терапия
650 1 4 _aКлиническая медицина
650 1 4 _aВнутренние болезни
830 0 _aПособия для высшей школы
942 _2udc
_cBK
999 _c540236
_d540236